000 nam a22 7a 4500
999 _c7706
_d7706
008 170929b xxu||||| |||| 00| 0 eng d
100 _aBadhwar F C
_94191
245 _aFundamental Mathamatics
260 _aNew Delhi
_bPradeep Publication
_c2008